Practical medical physics : (Record no. 27333)
[ view plain ]
| 000 -LEADER | |
|---|---|
| fixed length control field | 02367nam a2200325 i 4500 |
| 003 - CONTROL NUMBER IDENTIFIER | |
| control field | CSPC |
| 005 - DATE AND TIME OF LATEST TRANSACTION | |
| control field | 20240416135036.0 |
| 008 - FIXED-LENGTH DATA ELEMENTS--GENERAL INFORMATION | |
| fixed length control field | 240404s2021 flu b 001 0 eng |
| 010 ## - LIBRARY OF CONGRESS CONTROL NUMBER | |
| LC control number | 2021020333 |
| 020 ## - INTERNATIONAL STANDARD BOOK NUMBER | |
| International Standard Book Number | 9781138307537 |
| 040 ## - CATALOGING SOURCE | |
| Original cataloging agency | DLC |
| Language of cataloging | eng |
| Description conventions | rda |
| Transcribing agency | DLC |
| Modifying agency | CSPC |
| 042 ## - AUTHENTICATION CODE | |
| Authentication code | pcc |
| 050 00 - LIBRARY OF CONGRESS CALL NUMBER | |
| Classification number | R895 |
| Item number | .P72 2021 |
| 082 00 - DEWEY DECIMAL CLASSIFICATION NUMBER | |
| Edition number | 23 |
| Classification number | 610.153 |
| Item number | P881 |
| 245 00 - TITLE STATEMENT | |
| Title | Practical medical physics : |
| Remainder of title | a guide to the work of hospital clinical scientists / |
| Statement of responsibility, etc. | edited by Debbie Peet and Emma Chung. |
| 250 ## - EDITION STATEMENT | |
| Edition statement | First edition. |
| 264 #1 - PRODUCTION, PUBLICATION, DISTRIBUTION, MANUFACTURE, AND COPYRIGHT NOTICE | |
| Place of production, publication, distribution, manufacture | Boca Raton, Florida : |
| Name of producer, publisher, distributor, manufacturer | CRC Press, |
| Date of production, publication, distribution, manufacture, or copyright notice | 2022. |
| 300 ## - PHYSICAL DESCRIPTION | |
| Extent | xii, 249 pages : |
| Other physical details | illustrations ; |
| Dimensions | 26 cm. |
| 336 ## - CONTENT TYPE | |
| Content type term | text |
| Content type code | txt |
| Source | rdacontent |
| 337 ## - MEDIA TYPE | |
| Media type term | unmediated |
| Media type code | n |
| Source | rdamedia |
| 338 ## - CARRIER TYPE | |
| Carrier type term | volume |
| Carrier type code | nc |
| Source | rdacarrier |
| 504 ## - BIBLIOGRAPHY, ETC. NOTE | |
| Bibliography, etc. note | Includes bibliographical references and index. |
| 505 0# - FORMATTED CONTENTS NOTE | |
| Formatted contents note | Introduction -- Magnetic resonance imaging physics -- Ultrasound physics -- Diagnostic imaging using x-rays -- Nuclear medicine imaging and therapy -- Radiotherapy physics -- Radiation safety. |
| 520 ## - SUMMARY, ETC. | |
| Summary, etc. | "This is the first all-encompassing textbook designed to support trainee clinical scientists in medical physics as they start work in a hospital setting whilst undertaking an academic master's course. Developed by practising physicists and experienced academics using their experience of teaching trainee medical physicists, this book provides an accessible introduction to the daily tasks that clinical scientists perform in the course of their work. It bridges the gap between theory and practice, making the book also suitable for advanced undergraduate and graduate students in other disciplines studying modules on medical physics, including those who are considering a career in medical physics through applying to the NHS Scientist Training Programme (STP). Features: Provides an accessible introduction to practical medical physics within a hospital environment Maps to the course content of the Scientist Training Programme in the NHS Acts as a complement to the academic books often recommended for medical physics courses"-- |
| Assigning source | Provided by publisher. |
| 650 #0 - SUBJECT ADDED ENTRY--TOPICAL TERM | |
| Topical term or geographic name entry element | Medical physics |
| Form subdivision | Textbooks. |
| 700 1# - ADDED ENTRY--PERSONAL NAME | |
| Personal name | Peet, Debbie, |
| Relator term | editor. |
| 700 1# - ADDED ENTRY--PERSONAL NAME | |
| Personal name | Chung, Emma, |
| Relator term | editor. |
| 942 ## - ADDED ENTRY ELEMENTS (KOHA) | |
| Source of classification or shelving scheme | Dewey Decimal Classification |
| Koha item type | Books |
| Classification part | 610.153 |
| Item part | P881 |
| Call number prefix | NUR |
| Call number suffix | 2022 |
| Suppress in OPAC | No |
| Withdrawn status | Lost status | Source of classification or shelving scheme | Damaged status | Not for loan | Home library | Current library | Shelving location | Date acquired | Total Checkouts | Full call number | Barcode | Date last seen | Copy number | Price effective from | Koha item type |
|---|---|---|---|---|---|---|---|---|---|---|---|---|---|---|---|
| Dewey Decimal Classification | Main Library | Main Library | Nursing Section | 04/03/2024 | NUR 610.153 P881 2022 | 027371 | 04/03/2024 | 1-1 | 04/03/2024 | Books |